13 reasons why Netflix series - Statistics

General Stats
  • This quiz has been taken 120 times
  • The average score is 10 of 28
Answer Stats
Hint Answer % Correct
Hannah Baker
96%
Clay Jensen
89%
Justin Foley
79%
Bryce Walker
75%
Jessica Davis
70%
Alex Standall
67%
Zach Dempsey
66%
Tyler Down
59%
Montgomery de la Cruz
57%
Tony Padilla
48%
Ryan Shaver
35%
Jeff Atkins
34%
Marcus Cole
32%
Courtney Crimsen
27%
Sheri Holland
27%
Kevin Porter
24%
Scott Reed
22%
Ani Achola
19%
Skye Miller
18%
Charles St George
17%
Winston Williams
12%
Valerie Diaz
11%
Gary Bolan
9%
Diego Torres
9%
Dennis Vasquez
8%
Robert Ellman
6%
Luke Holliday
6%
Priya Singh
5%
No matching quizzes found
Score Distribution
Percent of People with Each Score
Percentile by Number Answered
Your Score History
You have not taken this quiz